000 00607nam a2200229Ia 4500
003 OSt
005 20220925212224.0
006 a|||||r|||| 00| 0
007 ta
008 220923b |||||||| |||| 00| 0 eng d
037 _cGeneral Book
040 _aRTL
_cRTL
_beng
041 _2eng
_aeng
082 _aX:97D.3.M9, L4
100 _aMusson A E
_9128406
245 0 _aTrade union and social history
260 _aLodon
_bFrank Cass
_c1911
300 _aix,211p
_ccm.
650 _aTrade Unions
942 _hX:97D.3.M9, L4
_cGB
_2CC
999 _c559790
_d559790